A history of Russia. (Record no. 24262)
[ view plain ]
| 000 -LEADER | |
|---|---|
| fixed length control field | 00915cam a22002651 4500 |
| 001 - CONTROL NUMBER | |
| control field | 4700276 |
| 005 - DATE AND TIME OF LATEST TRANSACTION | |
| control field | 20090423081345.0 |
| 008 - FIXED-LENGTH DATA ELEMENTS--GENERAL INFORMATION | |
| fixed length control field | 730208s1961 nyua 000 0 eng |
| 010 ## - LIBRARY OF CONGRESS CONTROL NUMBER | |
| LC control number | 61007879 |
| 035 ## - SYSTEM CONTROL NUMBER | |
| System control number | (OCoLC)ocm00298984 |
| 035 ## - SYSTEM CONTROL NUMBER | |
| System control number | (NNC)4700276 |
| 040 ## - CATALOGING SOURCE | |
| Original cataloging agency | DLC |
| Transcribing agency | DLC |
| Modifying agency | OCLCQ |
| 043 ## - GEOGRAPHIC AREA CODE | |
| Geographic area code | e-ur--- |
| 050 0# - LIBRARY OF CONGRESS CALL NUMBER | |
| Classification number | DK41 |
| Item number | .C55 1962 |
| 098 ## - OTHER CLASSIFICATION SCHEMES (OCLC) | |
| Call number based on other classification scheme | LC22 |
| 100 1# - MAIN ENTRY--PERSONAL NAME | |
| Personal name | Clarkson, Jesse D. |
| Fuller form of name | (Jesse Dunsmore), |
| Dates associated with a name | b. 1897. |
| 651 #0 - SUBJECT ADDED ENTRY--GEOGRAPHIC NAME | |
| Geographic name | Soviet Union |
| 245 12 - TITLE STATEMENT | |
| Title | A history of Russia. |
| 260 ## - PUBLICATION, DISTRIBUTION, ETC. (IMPRINT) | |
| Place of publication, distribution, etc | New York, |
| Name of publisher, distributor, etc | Random House |
| Date of publication, distribution, etc | [1961] |
| 300 ## - PHYSICAL DESCRIPTION | |
| Extent | 857 p. |
| Other physical details | illus. |
| Dimensions | 25 cm. |
| 651 #0 - SUBJECT ADDED ENTRY--GEOGRAPHIC NAME | |
| General subdivision | History. |
| 942 ## - ADDED ENTRY ELEMENTS (KOHA) | |
| Source of classification or shelving scheme | Library of Congress Classification |
| Item type | Book |
| Withdrawn status | Lost status | Source of classification or shelving scheme | Damaged status | Not for loan | Collection code | Home library | Current library | Shelving location | Date acquired | Source of acquisition | Full call number | Barcode | Copy number | Price effective from | Koha item type | Public note |
|---|---|---|---|---|---|---|---|---|---|---|---|---|---|---|---|---|
| Withdrawn | Library of Congress Classification | Non-fiction | Bishop Okullu Memorial Library (Limuru Campus) | Bishop Okullu Memorial Library (Limuru Campus) | General Circulation | 27/07/2010 | purchase | DK41 .C53 1962 | 020451 | 2 | 27/07/2010 | Book | Never borrowed |